000 00580nam a22001937a 4500
003 OSt
005 20260113092138.0
008 260113b |||||||| |||| 00| 0 eng d
020 _a987-621-406-252-2
040 _aDWC-Main lib
_cOC
082 _aFil. 641.593 B212a 2020
100 _aBanzuelo, Loida
245 _a Asian Cuisine/
_cLoida Banzuelo
260 _aManila :
_b Mindshapers,
_c, c2020.
300 _a x , 256 pages :
_b illustrations ;
_c25cm.
504 _aIncludes bibliographical references
650 _a1. Cooking, Asian
942 _2ddc
_cBK - FIL
_kFil.
_n0
999 _c7355
_d7355